مجموع كتب ورسائل وفتاوي : فضيلة الشيخ العلامة ربيع بن هادي عمير المدخلي

Bibliographic Details
Main Author: مدخلي، ربيع بن هادي عمير (Author)
Format: Book
Language:Arabic
Published: Qahirah : Dar al-Iman Ahmad , 2010
Edition:الطبعة 1
Subjects:

MARC

LEADER 00000cam a2200000 7i4500
001 0000068621
005 20110816093000.0
008 100801s2010 ua ara
050 0 0 |a KBP491   |b .M33 2010 
090 0 0 |a KBP491   |b .M33 2010 
100 1 |a مدخلي، ربيع بن هادي عمير ,   |e author 
241 1 0 |a Majmu' kutub wa-rasa'il wa-fatawa ; Fadilat al-Shaykh al-'allamah Rabi' Ibn Hadi Umayr al-Madkhali 
245 1 0 |a مجموع كتب ورسائل وفتاوي :   |b فضيلة الشيخ العلامة ربيع بن هادي عمير المدخلي   |c اعداد فضيلة الشيخ العلامة ربيع بن هادي عمير المدخلي 
250 |a الطبعة 1 
260 |a Qahirah :   |b Dar al-Iman Ahmad ,   |c 2010 
300 |a 720 p. ;   |c 25 cm. 
504 |a Includes bibliographical references and index 
650 0 |a Fatwas 
650 0 |a Islamic law 
999 |a 1000131983   |b Book   |c OPEN SHELF (30 DAYS)   |e Gong Badak Campus 
999 |a 1000131984   |b Book   |c OPEN SHELF (30 DAYS)   |e Gong Badak Campus 
999 |a 1000131985   |b Book   |c OPEN SHELF (30 DAYS)   |e Gong Badak Campus 
999 |a 1000131986   |b Book   |c OPEN SHELF (30 DAYS)   |e Gong Badak Campus 
999 |a 1000131987   |b Book   |c OPEN SHELF (30 DAYS)   |e Gong Badak Campus 
999 |a 1000131988   |b Book   |c OPEN SHELF (30 DAYS)   |e Gong Badak Campus 
999 |a 1000131989   |b Book   |c OPEN SHELF (30 DAYS)   |e Gong Badak Campus 
999 |a 1000131990   |b Book   |c OPEN SHELF (30 DAYS)   |e Gong Badak Campus 
999 |a 1000131991   |b Book   |c OPEN SHELF (30 DAYS)   |e Gong Badak Campus 
999 |a 1000131992   |b Book   |c OPEN SHELF (30 DAYS)   |e Gong Badak Campus 
999 |a 1000131993   |b Book   |c OPEN SHELF (30 DAYS)   |e Gong Badak Campus 
999 |a 1000131994   |b Book   |c OPEN SHELF (30 DAYS)   |e Gong Badak Campus 
999 |a 1000131995   |b Book   |c OPEN SHELF (30 DAYS)   |e Gong Badak Campus 
999 |a 1000131996   |b Book   |c OPEN SHELF (30 DAYS)   |e Gong Badak Campus 
999 |a 1000131997   |b Book   |c OPEN SHELF (30 DAYS)   |e Gong Badak Campus